Augustinisme et aristotélisme : (Record no. 66302)
[ view plain ]
| 000 -الفاتح | |
|---|---|
| حقل البيانات ثابتة الطول | 00984cam a2200301 a 4500 |
| 005 - وقت وتاريخ اخر تعامل مع التسجيلة | |
| رقم الضبط | 20240530110911.0 |
| 008 - عناصر البيانات ثابتة الطول - معلومات عامة | |
| حقل البيانات ثابتة الطول | 851113s1985 fr b 001 0 fre |
| 010 ## - | |
| -- | 85139124 |
| 020 ## - الرقم الدولى المعيارى للكتب | |
| الرقم الدولى المعيارى للكتاب | 2204022551 |
| 040 ## - مصدر الفهرسة | |
| وكالة الفهرسة الأصلية | DLC |
| وكالة النسخ | DLC |
| وكالة التعديل | DLC |
| 082 04 - رقم تصنيف ديوى العشرى | |
| رقم التصنيف | 185 |
| رقم الطبعة | 19 |
| رقم المادة | C A |
| 100 1# - المدخل الرئيسى - إسم شخصى | |
| الإسم الشخصى | Comparot, Andrée. |
| 245 10 - بيان العنوان | |
| العنوان | Augustinisme et aristotélisme : |
| بقية العنوان | de Sebon à Montaigne / |
| بيان المسئوليه,etc | Andrée Comparot. |
| 260 ## - PUBLICATION, DISTRIBUTION, ETC. (IMPRINT) | |
| تاريخ النشر أو التوزيع | [1985?] |
| 300 ## - الوصف المادى | |
| التعداد | 678, [69] p. ; |
| أبعاد الوعاء | 24 cm. |
| 490 0# - بيان السلسلة | |
| عنوان السلسلة | Thèses Cerf, |
| الرقم الدولى المعيارى للدوريات | 0759-6529 |
| 500 ## - تبصرة عامة | |
| تبصرة عامة | Includes index. |
| 504 ## - تبصرة ببليوجرافية | |
| تبصرة ببليوجرافية,الخ | Bibliography: p. [679]-[716] |
| 600 00 - المدخل الاضافى بالموضوع-اسم شخصى | |
| الإسم الشخصى | Augustine, |
| العنوان والكلمات الأخرى المصاحبة للاسم | of Hippo, Saint, |
| التواريخ المصاحبة للاسم | 354-430 |
| التقسيم الفرعي العام | Influence. |
| 600 00 - المدخل الاضافى بالموضوع-اسم شخصى | |
| الإسم الشخصى | Aristotle |
| التقسيم الفرعي العام | Influence. |
| 600 00 - المدخل الاضافى بالموضوع-اسم شخصى | |
| الإسم الشخصى | Raymond, |
| العنوان والكلمات الأخرى المصاحبة للاسم | of Sabunde, |
| التواريخ المصاحبة للاسم | -1436. |
| 600 10 - المدخل الاضافى بالموضوع-اسم شخصى | |
| الإسم الشخصى | Montaigne, Michel de, |
| التواريخ المصاحبة للاسم | 1533-1592 |
| التقسيم الفرعي العام | Philosophy. |
| 650 #0 - المدخل الاضافى بالموضوع-مصطلح موضوعى | |
| مصطلح موضوعي | Philosophy, Medieval. |
| 942 ## - عناصر المدخل الإضافي( كوها) | |
| مصدر التصنيف او مخطط الترفيف | Dewey Decimal Classification |
| Koha [default] item type | كتاب |
| 260 ## - PUBLICATION, DISTRIBUTION, ETC. (IMPRINT) | |
| -- | Lille : |
| -- | Atelier national de reproduction des thèses, |
| 906 ## - عنصر بيانات محلى F, LDF (RLIN) | |
| a | 7 |
| b | cbc |
| c | orignew |
| d | 4 |
| e | ncip |
| f | 19 |
| g | y-gencatlg |
| حالة التراجع | حالة الفقد | مصدر التصنيف او خطة الترفيف | حالة تلف | ليس للاعارة | المكان المؤقت | الموقع الحالى | موقع الترفيف | تاريخ الاكتساب | اجمالي اﻻعارات | رقم الطلب | الباركود | تاريخ اخر مشاهدة | تاريخ تفعيل السعر | نوع وعاء كوها |
|---|---|---|---|---|---|---|---|---|---|---|---|---|---|---|
| ddc | مكتبة القاهرة الكبرى | مكتبة القاهرة الكبرى | 03/13/2022 | 185/C A | 167618 | 03/13/2022 | 03/13/2022 | كتاب |

